| 000 | 00480nam a22001937a 4500 | ||
|---|---|---|---|
| 003 | MPLRDC | ||
| 005 | 20220104152121.0 | ||
| 008 | 210129b ||||| |||| 00| 0 eng d | ||
| 020 | _a7-228-07004-6 | ||
| 082 | _a811.9 YX | ||
| 100 | _a余星编译 | ||
| 245 |
_a智慧的声音 - 犹太名人演说精华 _c |
||
| 250 | _a初版 | ||
| 260 |
_a _b新疆人民出版社 _c2002 |
||
| 300 | _b平 | ||
| 490 | _a开言文库. 09 | ||
| 650 | _a演讲术 | ||
| 942 |
_cBK _o811.9 YX |
||
| 999 |
_c52719 _d52709 |
||